| 000 | 00709nam a2200217 a 4500 | ||
|---|---|---|---|
| 001 | 4261807 | ||
| 005 | 20250617111211.0 | ||
| 008 | 840125s1984 miua b 001 0 eng | ||
| 020 |
_a0801054540 (pbk.) : _c$9.95 |
||
| 050 | 0 | 0 |
_aBR110 _b.K53 1984 |
| 082 | 0 | 0 |
_a253.5 _219 |
| 100 | 1 | _aKirwan, William T. | |
| 245 | 1 | 0 |
_aBiblical concepts for Christian counseling : _ba case for integrating psychology and theology / _cWilliam T. Kirwan. |
| 260 |
_aGrand Rapids, Mich. : _bBaker Book House, _cc1984. |
||
| 300 |
_a230 p. : _bill. ; _c23 cm. |
||
| 500 | _aIncludes index. | ||
| 650 | 0 |
_aChristianity _xPsychology. |
|
| 650 | 0 | _aIdentification (Religion) | |
| 650 | 0 | _aPastoral counseling. | |
| 942 |
_2lcc _cBK _n0 |
||
| 999 |
_c6540 _d6540 |
||